Wszyscy mistrzowie Ekstraklasy 1921-2024 - Statystyki

Ogólne statystyki
  • Ten quiz został rozwiązany 883 razy
  • Średni wynik to 84 z 96
Statystyki odpowiedzi
Rok Klub Który Tytuł % Poprawnych
1968/1969 Legia Warszawa 3
99%
1969/1970 Legia Warszawa 4
99%
1993/1994 Legia Warszawa 5
99%
1994/1995 Legia Warszawa 6
99%
2001/2002 Legia Warszawa 7
99%
2005/2006 Legia Warszawa 8
99%
2012/2013 Legia Warszawa 9
99%
2013/2014 Legia Warszawa 10
99%
2015/2016 Legia Warszawa 11
99%
2016/2017 Legia Warszawa 12
99%
2017/2018 Legia Warszawa 13
99%
2019/2020 Legia Warszawa 14
99%
2020/2021 Legia Warszawa 15
99%
1955 Legia Warszawa (CWKS Warszawa) 1
99%
1956 Legia Warszawa CWKS Warszawa) 2
99%
1982/1983 Lech Poznań 1
98%
1983/1984 Lech Poznań 2
98%
1989/1990 Lech Poznań 3
98%
1991/1992 Lech Poznań 4
98%
1992/1993 Lech Poznań 5
98%
2009/2010 Lech Poznań 6
98%
2014/2015 Lech Poznań 7
98%
2021/2022 Lech Poznań 8
98%
2023/2024 Jagiellonia Białystok 1
96%
1927 Wisła Kraków 1
96%
1928 Wisła Kraków 2
96%
1977/1978 Wisła Kraków 5
96%
1998/1999 Wisła Kraków 6
96%
2000/2001 Wisła Kraków 7
96%
2002/2003 Wisła Kraków 8
96%
2003/2004 Wisła Kraków 9
96%
2004/2005 Wisła Kraków 10
96%
2007/2008 Wisła Kraków 11
96%
2008/2009 Wisła Kraków 12
96%
2010/2011 Wisła Kraków 13
96%
1949 Wisła Kraków (Gwardia Kraków) 3
96%
1950 Wisła Kraków (Gwardia Kraków) 4
96%
2022/2023 Raków Częstochowa 1
95%
1921 Cracovia 1
89%
1930 Cracovia 2
89%
1932 Cracovia 3
89%
1937 Cracovia 4
89%
1948 Cracovia 5
89%
1957 Górnik Zabrze 1
88%
1959 Górnik Zabrze 2
88%
1961 Górnik Zabrze 3
88%
1962/1963 Górnik Zabrze 4
88%
1963/1964 Górnik Zabrze 5
88%
1964/1965 Górnik Zabrze 6
88%
1965/1966 Górnik Zabrze 7
88%
1966/1967 Górnik Zabrze 8
88%
1970/1971 Górnik Zabrze 9
88%
1971/1972 Górnik Zabrze 10
88%
1984/1985 Górnik Zabrze 11
88%
1985/1986 Górnik Zabrze 12
88%
1986/1987 Górnik Zabrze 13
88%
1987/1988 Górnik Zabrze 14
88%
1960 Ruch Chorzów 9
88%
1967/1968 Ruch Chorzów 10
88%
1973/1974 Ruch Chorzów 11
88%
1974/1975 Ruch Chorzów 12
88%
1978/1979 Ruch Chorzów 13
88%
1988/1989 Ruch Chorzów 14
88%
1933 Ruch Chorzów (Ruch Wielkie Hajduki) 1
88%
1934 Ruch Chorzów (Ruch Wielkie Hajduki) 2
88%
1935 Ruch Chorzów (Ruch Wielkie Hajduki) 3
88%
1936 Ruch Chorzów (Ruch Wielkie Hajduki) 4
88%
1938 Ruch Chorzów (Ruch Wielkie Hajduki) 5
88%
1950/1951 Ruch Chorzów (Unia Chorzów) 6
88%
1952 Ruch Chorzów (Unia Chorzów) 7
88%
1953 Ruch Chorzów (Unia Chorzów) 8
88%
1976/1977 Śląsk Wrocław 1
88%
2011/2012 Śląsk Wrocław 2
88%
2018/2019 Piast Gliwice 1
85%
1946 Polonia Warszawa 1
84%
1999/2000 Polonia Warszawa 2
84%
1980/1981 Widzew Łódź 1
84%
1981/1982 Widzew Łódź 2
84%
1995/1996 Widzew Łódź 3
84%
1996/1997 Widzew Łódź 4
84%
1958 ŁKS Łódź 1
77%
1997/1998 ŁKS Łódź 2
77%
1990/1991 Zagłębie Lubin 1
77%
2006/2007 Zagłębie Lubin 2
77%
1922 Pogoń Lwów 1
62%
1923 Pogoń Lwów 2
62%
1925 Pogoń Lwów 3
62%
1926 Pogoń Lwów 4
62%
1962 Polonia Bytom 2
62%
1954 Polonia Bytom (Ogniwo Bytom) 1
62%
1972/1973 Stal Mielec 1
61%
1975/1976 Stal Mielec 2
61%
1929 Warta Poznań 1
60%
1947 Warta Poznań 2
60%
1979/1980 Szombierki Bytom 1
48%
1931 Garbarnia Kraków 1
38%
Nie znaleziono quizów pasujących do podanych kryteriów
Rozkład punktacji
Procent ludzi z każdym wynikiem
Percentyl według liczby udzielonych odpowiedzi
Twoja historia wyników
Nie rozwiązałeś tego quizu